[Event "ARCTIC CHESS CHALLENGE 2010"]
[Site "SCANDIC TROMSØ"]
[Date "2010.07.31"]
[Round "2"]
[White "Kiik, Kalle"]
[Black "Gullaksen, Eirik"]
[Result "1/2-1/2"]
[WhiteElo "2444"]
[BlackElo "2395"]
[PlyCount "90"]
[EventDate "2010.??.??"]

1. Nf3 Nf6 2. g3 g6 3. b3 Bg7 4. Bb2 O-O 5. Bg2 d6 6. d4 e5 7. dxe5 Ng4 8. h3
Nxe5 9. Nxe5 Bxe5 10. Bxe5 dxe5 11. Qxd8 Rxd8 12. Nd2 Kf8 13. O-O-O Ke7 14. Nc4
Rxd1+ 15. Rxd1 f6 16. h4 Na6 17. h5 g5 18. g4 Nc5 19. Ne3 c6 20. b4 Na4 21. Rd3
a5 22. a3 axb4 23. axb4 Nb6 24. Be4 h6 25. Bf5 Be6 26. Bxe6 Kxe6 27. c4 Ra4 28.
Rb3 e4 29. c5 Nd5 30. Nf5 Ra1+ 31. Rb1 Ra2 32. Rb2 Ra1+ 33. Rb1 Ra2 34. Rb2
Ra1+ 35. Kd2 Rf1 36. Nxh6 Rxf2 37. Nf5 Rg2 38. h6 Rh2 39. b5 Ne7 40. bxc6 bxc6
41. Nxe7 Kxe7 42. Rb7+ Ke6 43. h7 Kd5 44. Rd7+ Ke6 45. Rc7 Kd5 1/2-1/2

[Event "ARCTIC CHESS CHALLENGE 2010"]
[Site "SCANDIC TROMSØ"]
[Date "2010.07.31"]
[Round "2"]
[White "Lahlum, Hans Olav"]
[Black "Sarakauskas, Gediminas"]
[Result "0-1"]
[WhiteElo "2230"]
[BlackElo "2440"]
[PlyCount "116"]
[EventDate "2010.??.??"]

1. d4 d5 2. Nf3 c5 3. c3 e6 4. e3 Nf6 5. Nbd2 Nbd7 6. Bd3 Bd6 7. O-O O-O 8. Re1
h6 9. e4 dxe4 10. Nxe4 Nxe4 11. Bxe4 Nf6 12. Bc2 b6 13. Ne5 Bb7 14. Qd3 cxd4
15. Ng4 Re8 16. Qxd4 e5 17. Nxf6+ Qxf6 18. Qg4 e4 19. Be3 Qe5 20. g3 f5 21. Qh5
Bc5 22. Bb3+ Bd5 23. Bxd5+ Qxd5 24. Rad1 Qe6 25. Bxc5 bxc5 26. b3 Rad8 27. Rxd8
Rxd8 28. Rd1 Rd3 29. Qe2 Rxc3 30. Rd8+ Kh7 31. Qd2 Qe5 32. Qd5 Qxd5 33. Rxd5
Kg6 34. Rd7 Rc1+ 35. Kg2 Rc2 36. Rxa7 e3 37. Kf3 exf2 38. Kg2 f1=Q+ 39. Kxf1
Rxh2 40. Rc7 Rxa2 41. Rxc5 Rb2 42. Rb5 Kg5 43. Rb4 Kh5 44. Rh4+ Kg5 45. Rb4 Kg6
46. Kg1 h5 47. Kf1 Kf6 48. Rb5 g5 49. Kg1 g4 50. Kf1 h4 51. gxh4 Rh2 52. Rc5
Rxh4 53. Kg2 Rh3 54. b4 Rb3 55. b5 Kg5 56. Kf2 g3+ 57. Kg2 Kg4 58. Rc6 Rb2+ 0-1

[Event "ARCTIC CHESS CHALLENGE 2010"]
[Site "SCANDIC TROMSØ"]
[Date "2010.07.31"]
[Round "2"]
[White "Moor, Olivier"]
[Black "Lindberg, Henrik"]
[Result "1-0"]
[WhiteElo "2432"]
[BlackElo "2230"]
[PlyCount "139"]
[EventDate "2010.??.??"]

1. d4 Nf6 2. c4 e6 3. Nf3 b6 4. g3 Bb7 5. Bg2 Be7 6. O-O O-O 7. Re1 Ne4 8. Nfd2
f5 9. Nxe4 Bxe4 10. f3 Bb7 11. Nc3 Nc6 12. d5 Ne5 13. b3 Rb8 14. e3 Bf6 15. Bb2
Nf7 16. Qc2 a6 17. Rad1 Qe7 18. Kh1 c6 19. dxe6 dxe6 20. e4 fxe4 21. Nxe4 Bxb2
22. Qxb2 c5 23. Nc3 Qf6 24. Na4 e5 25. Rf1 Rbd8 26. Nc3 Rxd1 27. Nxd1 Qd6 28.
Ne3 Rd8 29. f4 Bxg2+ 30. Qxg2 Qd2 31. Nd5 Qxg2+ 32. Kxg2 b5 33. fxe5 Nxe5 34.
Rf5 Nc6 35. Nc7 bxc4 36. Rxc5 Rd2+ 37. Kh3 Nd4 38. Rxc4 Nf3 39. Ra4 Rxh2+ 40.
Kg4 Ne5+ 41. Kf5 Nd3 42. Rxa6 Rf2+ 43. Kg4 Nc1 44. b4 Nxa2 45. b5 Nb4 46. Rd6
Kf7 47. b6 Rb2 48. b7 Nc6 49. Rxc6 Rxb7 50. Nd5 Rb5 51. Rc7+ Kg6 52. Nf4+ Kh6
53. Ne6 Rb6 54. Re7 Rb4+ 55. Kh3 g6 56. Nf8 Kg5 57. Nxh7+ Kh5 58. Nf6+ Kg5 59.
Nd5 Ra4 60. Re5+ Kh6 61. Re6 Ra5 62. Nf4 Rg5 63. Kh4 Ra5 64. Rxg6+ Kh7 65. Rd6
Rb5 66. Nd5 Rb8 67. Kh5 Rb1 68. Rd7+ Kg8 69. Kg6 Kf8 70. Rd8# 1-0

[Event "ARCTIC CHESS CHALLENGE 2010"]
[Site "SCANDIC TROMSØ"]
[Date "2010.07.31"]
[Round "2"]
[White "Grotnes, Nils R"]
[Black "Ernst, Thomas"]
[Result "0-1"]
[WhiteElo "2219"]
[BlackElo "2430"]
[PlyCount "86"]
[EventDate "2010.??.??"]

1. d4 Nf6 2. c4 g6 3. Nc3 Bg7 4. e4 d6 5. f3 O-O 6. Be3 Nc6 7. Nge2 a6 8. Qd2
Rb8 9. a4 a5 10. Bh6 e5 11. d5 Nb4 12. Be3 c6 13. Nc1 Nh5 14. Nd3 f5 15. Nxb4
axb4 16. Nd1 c5 17. Bd3 f4 18. Bf2 g5 19. Be2 Qe8 20. b3 g4 21. Nb2 g3 22. Bg1
gxh2 23. Rxh2 Ng3 24. Nd3 Qg6 25. Nf2 Rf6 26. Bd3 Bd7 27. O-O-O Ra8 28. Bc2 Qe8
29. Nh1 Rg6 30. Nxg3 Rxg3 31. Bf2 Rg6 32. Rdh1 h6 33. Bh4 Qf7 34. Bd1 Kh7 35.
Kb1 Bf6 36. Be1 Bg5 37. Bc2 Rgg8 38. Qd1 b5 39. cxb5 Bxb5 40. axb5 Qa7 41. Kc1
c4 42. bxc4 Qa3+ 43. Kd2 Qe3# 0-1

[Event "ARCTIC CHESS CHALLENGE 2010"]
[Site "SCANDIC TROMSØ"]
[Date "2010.07.31"]
[Round "2"]
[White "Ziska, Helgi Dam"]
[Black "Angskog, Kent"]
[Result "0-1"]
[WhiteElo "2426"]
[BlackElo "2204"]
[PlyCount "90"]
[EventDate "2010.??.??"]

1. e4 g6 2. d4 Bg7 3. Nc3 d6 4. Be3 a6 5. h4 h5 6. Qd2 b5 7. O-O-O Bb7 8. f3
Nd7 9. Nh3 Ngf6 10. Ng5 O-O 11. Qe1 e6 12. g4 Qe7 13. gxh5 Nxh5 14. Bh3 c5 15.
Ne2 Ndf6 16. dxc5 dxc5 17. Qf2 Rfc8 18. Rhg1 a5 19. Nc3 c4 20. Nxb5 c3 21. Nd6
Nd5 22. Rxd5 Bxd5 23. Ngxf7 Bxa2 24. e5 Qc7 25. b3 Qd7 26. Rxg6 a4 27. Bxe6
Qxe6 28. Rxe6 axb3 29. cxb3 Bxb3 30. Ba7 Nf4 31. Nxc8 Nd3+ 32. Kb1 Nxf2 33. Rc6
c2+ 34. Kb2 Nd3+ 35. Kxb3 c1=Q 36. Rxc1 Nxc1+ 37. Kb4 Rxc8 38. Nd6 Ra8 39. Bd4
Nd3+ 40. Kc4 Nxe5+ 41. Kd5 Nxf3 42. Be3 Rd8 43. Ke6 Bf8 44. Nf5 Re8+ 45. Kf6
Nxh4 0-1

[Event "ARCTIC CHESS CHALLENGE 2010"]
[Site "SCANDIC TROMSØ"]
[Date "2010.07.31"]
[Round "2"]
[White "Bjerke, Richard"]
[Black "Hansen, Torbjørn R"]
[Result "1/2-1/2"]
[WhiteElo "2199"]
[BlackElo "2419"]
[PlyCount "89"]
[EventDate "2010.??.??"]

1. d4 Nf6 2. c4 g6 3. Nc3 Bg7 4. e4 d6 5. f3 O-O 6. Nge2 Nc6 7. Be3 a6 8. Qd2
Rb8 9. Rc1 Bd7 10. b3 b5 11. d5 Ne5 12. c5 b4 13. Nd1 Bb5 14. Nd4 Bxf1 15. Rxf1
dxc5 16. Rxc5 Qd6 17. Nc6 Nfd7 18. Rc2 Nxc6 19. Rxc6 Qxh2 20. Bf4 Qh5 21. Rxc7
Ne5 22. Nf2 g5 23. Rh1 Qg6 24. Bxg5 f5 25. exf5 Rxf5 26. f4 Nf7 27. Qd3 Nxg5
28. fxg5 Rbf8 29. Rc6 Qxg5 30. g4 Re5+ 31. Kf1 Rxf2+ 32. Kxf2 Qf4+ 33. Qf3 Qd2+
34. Kg3 Bf6 35. Rxf6 exf6 36. Rh2 Qxd5 37. Qxf6 Qd4 38. Rf2 Re3+ 39. Kh4 Qxf6+
40. Rxf6 a5 41. Ra6 Re5 42. g5 Rc5 43. Ra7 Rd5 44. Kh5 Rc5 45. Kg4 1/2-1/2

[Event "ARCTIC CHESS CHALLENGE 2010"]
[Site "SCANDIC TROMSØ"]
[Date "2010.07.31"]
[Round "2"]
[White "Urkedal, Frode Olav Olsen"]
[Black "Van Den Bersselaar, Jeroen"]
[Result "1-0"]
[WhiteElo "2414"]
[BlackElo "2197"]
[PlyCount "51"]
[EventDate "2010.??.??"]

1. d4 d5 2. c4 e6 3. Nc3 c6 4. e4 dxe4 5. Nxe4 Bb4+ 6. Bd2 Qxd4 7. Bxb4 Qxe4+
8. Ne2 Na6 9. Bf8 e5 10. Qd6 Qg6 11. Qxg6 hxg6 12. Bxg7 Rh4 13. Bxe5 Nb4 14.
Kd2 Rxc4 15. Nd4 Rc5 16. Re1 Be6 17. a3 Na6 18. b4 Rd5 19. Kc3 c5 20. Nxe6
cxb4+ 21. axb4 fxe6 22. Bc4 Rc8 23. Kb3 Nxb4 24. Kxb4 a5+ 25. Kb3 a4+ 26. Kb4
1-0

[Event "ARCTIC CHESS CHALLENGE 2010"]
[Site "SCANDIC TROMSØ"]
[Date "2010.07.31"]
[Round "2"]
[White "Prakken, Gerrit"]
[Black "Lindberg, Bengt"]
[Result "0-1"]
[WhiteElo "2194"]
[BlackElo "2413"]
[PlyCount "64"]
[EventDate "2010.??.??"]

1. Nf3 Nf6 2. c4 c5 3. g3 b6 4. Bg2 Bb7 5. O-O e6 6. Nc3 Be7 7. b3 O-O 8. Bb2
d6 9. e3 a6 10. d4 Qc7 11. Rc1 Re8 12. d5 exd5 13. Nxd5 Nxd5 14. cxd5 b5 15. e4
Nd7 16. Nh4 Bf6 17. Bxf6 Nxf6 18. Qd3 g6 19. h3 Qa5 20. f4 Rad8 21. Rc2 Qb4 22.
Re2 c4 23. bxc4 Qc5+ 24. Kh2 bxc4 25. Qc2 a5 26. Rf3 Ba6 27. Rc3 Re7 28. Bf3
Rde8 29. g4 Nxd5 30. Nf5 gxf5 31. gxf5 Nxf4 32. e5 Nxe2 0-1

[Event "ARCTIC CHESS CHALLENGE 2010"]
[Site "SCANDIC TROMSØ"]
[Date "2010.07.31"]
[Round "2"]
[White "Collins, Sam E"]
[Black "Steil-Antoni, Fiona"]
[Result "1-0"]
[WhiteElo "2408"]
[BlackElo "2193"]
[PlyCount "53"]
[EventDate "2010.??.??"]

1. d4 d5 2. c4 e6 3. Nf3 Nf6 4. g3 Be7 5. Bg2 O-O 6. O-O dxc4 7. Qc2 a6 8. Qxc4
b5 9. Qc2 Bb7 10. Bd2 Be4 11. Qc1 Nbd7 12. Ba5 Nb6 13. Nbd2 Bb7 14. a3 Rc8 15.
b4 Bd5 16. Qc2 Nc4 17. Nxc4 Bxc4 18. Rfe1 Bd5 19. e4 Ba8 20. Rad1 Ne8 21. Bh3
f5 22. d5 fxe4 23. Bxe6+ Kh8 24. Qxe4 Nd6 25. Qg4 Bb7 26. Ne5 Ra8 27. Bxc7 1-0

[Event "ARCTIC CHESS CHALLENGE 2010"]
[Site "SCANDIC TROMSØ"]
[Date "2010.07.31"]
[Round "2"]
[White "Hanssen, Gunnar B"]
[Black "Stokke, Kjetil"]
[Result "0-1"]
[WhiteElo "2191"]
[BlackElo "2401"]
[PlyCount "44"]
[EventDate "2010.??.??"]

1. d4 Nf6 2. c4 g6 3. g3 Bg7 4. Bg2 c5 5. d5 O-O 6. Nc3 a6 7. a4 d6 8. Nf3 e5
9. O-O Ne8 10. e4 Nd7 11. Ne1 f5 12. Nd3 Nef6 13. f4 fxe4 14. Nxe4 Nxe4 15.
Bxe4 Nf6 16. Bg2 e4 17. Nf2 Re8 18. Re1 Qa5 19. Bd2 Qb6 20. Rb1 e3 21. Rxe3
Rxe3 22. a5 Qb3 0-1

[Event "ARCTIC CHESS CHALLENGE 2010"]
[Site "SCANDIC TROMSØ"]
[Date "2010.07.31"]
[Round "2"]
[White "Salvesen, Bjørn"]
[Black "Røyset, Pål"]
[Result "0-1"]
[WhiteElo "1791"]
[BlackElo "2152"]
[PlyCount "64"]
[EventDate "2010.??.??"]

1. f4 c5 2. Nf3 g6 3. e4 Bg7 4. Be2 Nf6 5. d3 Nc6 6. O-O O-O 7. c3 b6 8. Qe1
Ba6 9. Nbd2 d5 10. e5 Ng4 11. Ng5 Ne3 12. Rf3 Nc2 13. Qh4 h6 14. Rb1 hxg5 15.
fxg5 Nxe5 16. Rh3 Re8 17. Bd1 Bxd3 18. Rxd3 Nxd3 19. Bxc2 c4 20. Nf3 e5 21. Be3
b5 22. b3 Rc8 23. b4 a5 24. a3 Re6 25. Rd1 axb4 26. axb4 Ra6 27. Bxd3 cxd3 28.
Qf2 Rxc3 29. Rf1 Rc2 30. Nd2 Qd7 31. h4 Raa2 32. Kh2 d4 0-1

[Event "ARCTIC CHESS CHALLENGE 2010"]
[Site "SCANDIC TROMSØ"]
[Date "2010.07.31"]
[Round "2"]
[White "Ferguson, Mark"]
[Black "Riedel, Holger"]
[Result "1-0"]
[WhiteElo "2387"]
[BlackElo "2187"]
[PlyCount "115"]
[EventDate "2010.??.??"]

1. e4 e6 2. d4 d5 3. Nd2 Be7 4. c3 c5 5. dxc5 Bxc5 6. Bd3 Nc6 7. Ngf3 Nf6 8.
O-O O-O 9. Qe2 h6 10. b4 Bb6 11. a3 e5 12. Bc2 Bg4 13. exd5 Nxd5 14. Qd3 Nf6
15. b5 Qxd3 16. Bxd3 Bxf3 17. gxf3 Na5 18. Re1 Rfe8 19. Ra2 Rad8 20. Bf1 Nd5
21. c4 Nf4 22. Rc2 Ne6 23. Bb2 Bd4 24. Rec1 Bxb2 25. Rxb2 b6 26. Ne4 Nb7 27. a4
Nbc5 28. Nxc5 Nxc5 29. Ra1 Re6 30. a5 Rg6+ 31. Kh1 Rgd6 32. axb6 axb6 33. Be2
Rd2 34. Raa2 Rxb2 35. Rxb2 Ra8 36. Kg2 Ne6 37. Rd2 Ra1 38. Rd1 Ra2 39. Bf1 Nd4
40. f4 f6 41. fxe5 fxe5 42. Re1 Kf7 43. Rxe5 Kf6 44. Re3 Nf5 45. Rc3 Ke5 46. c5
bxc5 47. Rxc5+ Kf4 48. Rc4+ Ke5 49. Rb4 Ne3+ 50. Kg1 Nd5 51. Rb1 Nb6 52. Re1+
Kf6 53. Rc1 Na4 54. Rc6+ Kg5 55. Ra6 Nc3 56. Rxa2 Nxa2 57. b6 Nb4 58. Bb5 1-0

[Event "ARCTIC CHESS CHALLENGE 2010"]
[Site "SCANDIC TROMSØ"]
[Date "2010.07.31"]
[Round "2"]
[White "Botheim, Tor"]
[Black "Jens, Jelmer"]
[Result "0-1"]
[WhiteElo "1929"]
[BlackElo "2386"]
[PlyCount "46"]
[EventDate "2010.??.??"]

1. d4 Nf6 2. Nf3 g6 3. c4 Bg7 4. Nc3 d5 5. cxd5 Nxd5 6. e4 Nxc3 7. bxc3 c5 8.
Be2 Nc6 9. Be3 Bg4 10. Qb3 cxd4 11. Nxd4 Bxd4 12. Bxd4 Nxd4 13. cxd4 Bxe2 14.
Kxe2 Qxd4 15. Qxb7 Qc4+ 16. Ke3 Qc3+ 17. Ke2 Qc2+ 18. Ke3 Rd8 19. Qb5+ Kf8 20.
Rhe1 a6 21. Qxa6 Qc3+ 22. Ke2 Rd2+ 23. Kf1 Qd4 0-1

[Event "ARCTIC CHESS CHALLENGE 2010"]
[Site "SCANDIC TROMSØ"]
[Date "2010.07.31"]
[Round "2"]
[White "Khaetsky, Roman"]
[Black "Vaarala, Eric"]
[Result "1-0"]
[WhiteElo "2385"]
[BlackElo "2102"]
[PlyCount "81"]
[EventDate "2010.??.??"]

1. e4 e5 2. Nf3 Nc6 3. d4 exd4 4. c3 dxc3 5. Nxc3 Bb4 6. Bc4 Nge7 7. O-O Bxc3
8. bxc3 O-O 9. Bg5 d6 10. Nd4 Ne5 11. Bb3 h6 12. Bh4 N5g6 13. Bg3 Kh8 14. f4 f6
15. Qh5 Qe8 16. f5 Ne5 17. Qxe8 Rxe8 18. Nb5 Rd8 19. Nxc7 Rb8 20. Rad1 Bd7 21.
Rxd6 Rbc8 22. Bxe5 fxe5 23. Nd5 Ng8 24. f6 gxf6 25. Nxf6 Bb5 26. Rfd1 Rxd6 27.
Rxd6 Rf8 28. Bxg8 Kg7 29. Bd5 Rxf6 30. Rxf6 Kxf6 31. Bxb7 Ke7 32. Kf2 Kd6 33.
Bd5 Kc5 34. g4 a5 35. h4 Be8 36. Kg3 Kb5 37. h5 Ka4 38. Kh4 Ka3 39. g5 hxg5+
40. Kxg5 Kb2 41. h6 1-0

[Event "ARCTIC CHESS CHALLENGE 2010"]
[Site "SCANDIC TROMSØ"]
[Date "2010.07.31"]
[Round "2"]
[White "Haarr, Jon Kristian"]
[Black "Tjiam, Dharma"]
[Result "1/2-1/2"]
[WhiteElo "2188"]
[BlackElo "2385"]
[PlyCount "164"]
[EventDate "2010.??.??"]

1. e4 d6 2. d4 Nf6 3. Nc3 g6 4. f4 Bg7 5. Nf3 c5 6. Bb5+ Bd7 7. e5 Ng4 8. e6
Bxb5 9. exf7+ Kf8 10. Nxb5 Qa5+ 11. Nc3 cxd4 12. Nxd4 Kxf7 13. Qxg4 Bxd4 14.
Bd2 Nc6 15. O-O-O Bf6 16. Rhe1 Qf5 17. Qxf5 gxf5 18. Nd5 Rhg8 19. g3 Rad8 20.
Nxf6 Kxf6 21. c4 Kf7 22. Bc3 Rd7 23. Rd5 e6 24. Rd3 Rc8 25. Kb1 b6 26. Red1
Rcd8 27. b3 h5 28. R3d2 d5 29. Bb2 Ne7 30. Kc2 Rc8 31. Kb1 Rb7 32. cxd5 Nxd5
33. Be5 Rd7 34. Kb2 Rdd8 35. Rd4 Ke7 36. R4d2 Rg8 37. Re2 Kd7 38. Bf6 Rc6 39.
Bg5 Rd6 40. Rd4 Rc8 41. Rd1 b5 42. Red2 Rf8 43. Bh6 Rf7 44. Bg5 a6 45. Rd4 Rc6
46. a4 bxa4 47. Rxa4 Kc8 48. Re1 Rb7 49. Rc1 Rxb3+ 50. Kxb3 Rxc1 51. Rxa6 Rc3+
52. Kb2 Kd7 53. Ra7+ Rc7 54. Rxc7+ Kxc7 55. Kc1 Ne3 56. h3 Kc6 57. Bh4 Kd5 58.
Kd2 Ke4 59. Ke2 Nd5 60. Bg5 Nc3+ 61. Kf2 Nb5 62. Bf6 Na7 63. Be7 Nc6 64. Bf6
Nb8 65. Bd8 Nd7 66. Be7 Nb6 67. Bd8 Nc4 68. Ke2 Nd6 69. Be7 Nb7 70. Kf2 Na5 71.
Ke2 Nb3 72. Bf6 Nc1+ 73. Kd2 Nd3 74. Ke2 Nb4 75. Be7 Nd5 76. Bg5 Nc3+ 77. Kf2
Kd3 78. Kf3 Ne4 79. g4 hxg4+ 80. hxg4 Nd2+ 81. Kg3 Nf1+ 82. Kf2 Ne3 1/2-1/2

[Event "ARCTIC CHESS CHALLENGE 2010"]
[Site "SCANDIC TROMSØ"]
[Date "2010.07.31"]
[Round "2"]
[White "Barr, Steven G"]
[Black "Houska, Jiri"]
[Result "0-1"]
[WhiteElo "1893"]
[BlackElo "2183"]
[PlyCount "66"]
[EventDate "2010.??.??"]

1. d4 Nf6 2. c4 g6 3. Nc3 d5 4. cxd5 Nxd5 5. e4 Nxc3 6. bxc3 Bg7 7. Nf3 c5 8.
Rb1 O-O 9. Bc4 Nc6 10. Be3 Bg4 11. Be2 cxd4 12. cxd4 Bxf3 13. Bxf3 Nxd4 14.
Rxb7 Qa5+ 15. Bd2 Qxa2 16. O-O Nxf3+ 17. gxf3 Rfd8 18. Qc1 Qxd2 19. Qc7 Qg5+
20. Kh1 Be5 21. Rb5 Bxc7 22. Rxg5 Rd2 23. e5 h6 24. Rg4 Bxe5 25. Re4 Bd6 26.
Kg2 a5 27. Ra4 Bc5 28. Kg3 Rd4 29. Ra2 a4 30. Rc1 Bd6+ 31. Kg2 a3 32. h3 Ra5
33. Rh1 Rg5+ 0-1

[Event "ARCTIC CHESS CHALLENGE 2010"]
[Site "SCANDIC TROMSØ"]
[Date "2010.07.31"]
[Round "2"]
[White "Sarakauskiene, Zivile"]
[Black "Mikalsen, Harald"]
[Result "1-0"]
[WhiteElo "2181"]
[BlackElo "1880"]
[PlyCount "37"]
[EventDate "2010.??.??"]

1. e4 e5 2. Nf3 Nc6 3. d4 exd4 4. Bc4 d6 5. Nxd4 Nf6 6. Nc3 Bd7 7. O-O Be7 8.
h3 Ne5 9. Be2 Qc8 10. f4 Ng6 11. Qd3 h5 12. Qe3 c6 13. e5 dxe5 14. fxe5 Ng8 15.
Bc4 Be6 16. Bxe6 fxe6 17. Qg3 Nh4 18. Qxg7 Qd7 19. Qf7+ 1-0

[Event "ARCTIC CHESS CHALLENGE 2010"]
[Site "SCANDIC TROMSØ"]
[Date "2010.07.31"]
[Round "2"]
[White "Tocklin, Tomi"]
[Black "Larsen, Martin Halsvik"]
[Result "1-0"]
[WhiteElo "1885"]
[BlackElo "2178"]
[PlyCount "97"]
[EventDate "2010.??.??"]

1. e4 c5 2. Nf3 d6 3. Bb5+ Bd7 4. Bxd7+ Qxd7 5. O-O Nc6 6. c3 e6 7. d4 cxd4 8.
cxd4 d5 9. exd5 exd5 10. Re1+ Be7 11. Ne5 Nxe5 12. dxe5 Bc5 13. Nc3 O-O-O 14.
Bf4 Ne7 15. Rc1 Nc6 16. Nb5 Bb6 17. Qa4 Qg4 18. h3 Qf5 19. Nd6+ Rxd6 20. exd6
Kd8 21. Bg3 Qg6 22. Bh4+ f6 23. Rxc6 bxc6 24. Qxc6 Re8 25. Qa8+ Kd7 26. Rxe8
Qxe8 27. Qxd5 Qe6 28. Qxe6+ Kxe6 29. Bg3 Kd5 30. Kf1 h6 31. f3 a6 32. Ke2 g5
33. Bf2 Bd8 34. Kd3 Kxd6 35. Ke4 Ke6 36. g4 Be7 37. Be1 Bc5 38. b4 Bb6 39. a4
Bc7 40. b5 axb5 41. axb5 Bb6 42. Bc3 Bc7 43. Bd4 Bb8 44. Bc5 h5 45. Be3 hxg4
46. hxg4 Bd6 47. Bd4 Bc7 48. b6 Bb8 49. b7 1-0

[Event "ARCTIC CHESS CHALLENGE 2010"]
[Site "SCANDIC TROMSØ"]
[Date "2010.07.31"]
[Round "2"]
[White "Zepeda, Lorena"]
[Black "Kjøita, Henning"]
[Result "1-0"]
[WhiteElo "2169"]
[BlackElo "1845"]
[PlyCount "65"]
[EventDate "2010.??.??"]

1. e4 e5 2. Bc4 Nf6 3. Qe2 Nc6 4. Nf3 Bc5 5. c3 O-O 6. Bb3 d6 7. d3 Be6 8. Bc2
Re8 9. Nbd2 Ne7 10. d4 exd4 11. cxd4 Bb6 12. O-O Ng6 13. Re1 Bg4 14. Qd3 Nh5
15. Nc4 d5 16. Nxb6 axb6 17. e5 c5 18. h3 Bxf3 19. Qxf3 Qh4 20. Bxg6 hxg6 21.
dxc5 bxc5 22. Qxd5 Qb4 23. Bg5 Nf6 24. Bxf6 gxf6 25. e6 Kg7 26. Qd7 Rf8 27. e7
Rfe8 28. Re2 b6 29. Rd1 Qc4 30. Re3 Rab8 31. Qc7 Qa6 32. Qxb8 Rxb8 33. Rd8 1-0

[Event "ARCTIC CHESS CHALLENGE 2010"]
[Site "SCANDIC TROMSØ"]
[Date "2010.07.31"]
[Round "2"]
[White "Spiegelhauer, Tilmann"]
[Black "Eriksson, Magnus"]
[Result "1-0"]
[WhiteElo "1879"]
[BlackElo "2165"]
[PlyCount "89"]
[EventDate "2010.??.??"]

1. d4 Nf6 2. c4 Nc6 3. Nc3 e5 4. d5 Ne7 5. e4 Ng6 6. Bd3 Bc5 7. Be3 Bxe3 8.
fxe3 d6 9. Nf3 O-O 10. Qe2 c6 11. O-O-O Qe7 12. h3 cxd5 13. cxd5 a6 14. g4 b5
15. g5 Ne8 16. Rdg1 Qc7 17. Kb1 Bd7 18. h4 b4 19. Nd1 Qa5 20. h5 Ne7 21. Nh4
Nc7 22. g6 h6 23. gxf7+ Rxf7 24. Ng6 Bb5 25. Nf2 Nxg6 26. Ng4 Nf4 27. exf4 Rxf4
28. Nxh6+ Kh8 29. Nf5 Nxd5 30. h6 g6 31. Rxg6 Nc3+ 32. bxc3 bxc3 33. h7 Bxd3+
34. Qxd3 Qb4+ 35. Kc1 Qb2+ 36. Kd1 Qa1+ 37. Ke2 Qb2+ 38. Kd1 Qa1+ 39. Ke2 Qxh1
40. Rg8+ Rxg8 41. hxg8=Q+ Kxg8 42. Qd5+ Kh8 43. Qa8+ Kh7 44. Qb7+ Kg6 45. Qg7+
1-0

[Event "ARCTIC CHESS CHALLENGE 2010"]
[Site "SCANDIC TROMSØ"]
[Date "2010.07.31"]
[Round "2"]
[White "Rehn, Ralf"]
[Black "Nomat, Emil-Lion"]
[Result "1-0"]
[WhiteElo "2164"]
[BlackElo "1826"]
[PlyCount "90"]
[EventDate "2010.??.??"]

1. d4 Nf6 2. c4 g6 3. Nf3 Bg7 4. Nc3 d5 5. Bf4 O-O 6. e3 c5 7. Be2 Nc6 8. O-O
cxd4 9. Nxd4 Nxd4 10. exd4 e6 11. Bf3 b6 12. Nb5 Ba6 13. a4 Rc8 14. Nxa7 Bxc4
15. Nxc8 Bxf1 16. Nxb6 Qxb6 17. Kxf1 Qxb2 18. Rb1 Qc3 19. Be5 Rc8 20. Qb3 Ne4
21. Bxe4 Bxe5 22. Qxc3 Rxc3 23. dxe5 dxe4 24. Ra1 Rc6 25. a5 Ra6 26. Ke2 Kg7
27. Ke3 f5 28. exf6+ Kxf6 29. Kxe4 h6 30. Kd4 Ke7 31. Kc5 Kd7 32. Kb5 Ra8 33.
a6 Rb8+ 34. Ka5 Ra8 35. Ra2 Kc6 36. Rc2+ Kd7 37. Rb2 Kc6 38. Rb6+ Kd5 39. Kb5
g5 40. Rb7 Rf8 41. a7 Rxf2 42. Rd7+ Ke5 43. a8=Q Rb2+ 44. Kc4 Rc2+ 45. Kd3 Rd2+
1-0

[Event "ARCTIC CHESS CHALLENGE 2010"]
[Site "SCANDIC TROMSØ"]
[Date "2010.07.31"]
[Round "2"]
[White "Gholami, Armin"]
[Black "Kvisla, Johannes Luangtep"]
[Result "0-1"]
[WhiteElo "1836"]
[BlackElo "2163"]
[PlyCount "32"]
[EventDate "2010.??.??"]

1. e4 c5 2. Nf3 a6 3. c3 d6 4. d4 Nd7 5. Be3 g6 6. a4 Bg7 7. Nbd2 Ngf6 8. Bc4
cxd4 9. Bxf7+ Kxf7 10. Ng5+ Ke8 11. cxd4 Nf8 12. e5 dxe5 13. dxe5 Ng4 14. Qb3
Nxe5 15. O-O-O Qd3 16. Qb6 Bf5 0-1

[Event "ARCTIC CHESS CHALLENGE 2010"]
[Site "SCANDIC TROMSØ"]
[Date "2010.07.31"]
[Round "2"]
[White "Marzano, Carlo"]
[Black "Pettersen, Joar Gullestad"]
[Result "1/2-1/2"]
[WhiteElo "2159"]
[BlackElo "2045"]
[PlyCount "112"]
[EventDate "2010.??.??"]

1. Nc3 Nf6 2. Nf3 e6 3. e4 d5 4. exd5 exd5 5. d4 Bb4 6. a3 Bxc3+ 7. bxc3 Ne4 8.
c4 c6 9. Bd3 Qa5+ 10. Bd2 Nxd2 11. Qxd2 Qxd2+ 12. Kxd2 Be6 13. cxd5 cxd5 14.
Rab1 b6 15. Rhe1 Kd7 16. c4 Kd6 17. Rb5 Nd7 18. Ne5 a6 19. Rb4 dxc4 20. Bxc4 b5
21. Bxe6 Nxe5 22. Rxe5 fxe6 23. a4 Rhf8 24. Ke3 bxa4 25. Rb6+ Kd7 26. Rbxe6
Rae8 27. Rxa6 Ra8 28. Rea5 Rae8+ 29. Re5 Ra8 30. Rxa8 Rxa8 31. Rc5 a3 32. Rc1
a2 33. Ra1 Kd6 34. Ke4 Ra4 35. f4 Ke6 36. f5+ Kf6 37. g4 h6 38. h4 Ra3 39. Kf4
Ra4 40. g5+ hxg5+ 41. hxg5+ Kf7 42. Ke5 Ra5+ 43. d5 Ke7 44. f6+ gxf6+ 45. gxf6+
Kf7 46. Kd6 Ra3 47. Kd7 Rd3 48. d6 Ra3 49. Kc7 Rc3+ 50. Kd8 Rd3 51. d7 Ra3 52.
Kc7 Rc3+ 53. Kd6 Rd3+ 54. Ke5 Rxd7 55. Rxa2 Rd1 56. Ra7+ Kf8 1/2-1/2

[Event "ARCTIC CHESS CHALLENGE 2010"]
[Site "SCANDIC TROMSØ"]
[Date "2010.07.31"]
[Round "2"]
[White "Reutimann, Hans Peter"]
[Black "Sahl, Sheila Barth"]
[Result "0-1"]
[WhiteElo "1804"]
[BlackElo "2156"]
[PlyCount "72"]
[EventDate "2010.??.??"]

1. d4 g6 2. Nf3 Bg7 3. Bf4 d6 4. e3 Nd7 5. c3 e5 6. dxe5 dxe5 7. Bg3 Qe7 8. Be2
Ngf6 9. O-O O-O 10. Nbd2 a6 11. Qc2 h6 12. Rad1 Ne8 13. a4 f5 14. Bc4+ Kh8 15.
h3 Nd6 16. Ba2 b5 17. b4 Bb7 18. c4 bxc4 19. Bxc4 Nxc4 20. Nxc4 Bxf3 21. gxf3
f4 22. exf4 exf4 23. Bh2 Ne5 24. Nxe5 Bxe5 25. Rfe1 Qf6 26. Re4 Bd6 27. Rde1
Rab8 28. Kh1 Qf5 29. Qc3+ Kh7 30. Re6 Rf7 31. R1e4 Rxb4 32. R6e5 Rb1+ 33. Kg2
Bxe5 34. Rxe5 Qf6 35. Bxf4 Qxf4 36. Re8 Qg5+ 0-1

[Event "ARCTIC CHESS CHALLENGE 2010"]
[Site "SCANDIC TROMSØ"]
[Date "2010.07.31"]
[Round "2"]
[White "Sigeman, Johan"]
[Black "Kjøita, Torgeir"]
[Result "1/2-1/2"]
[WhiteElo "2153"]
[BlackElo "1796"]
[PlyCount "41"]
[EventDate "2010.??.??"]

1. d4 d5 2. c4 e6 3. Nf3 Nf6 4. g3 Be7 5. Bg2 c6 6. Qc2 O-O 7. O-O dxc4 8. Qxc4
b5 9. Qc2 Bb7 10. Nc3 Qb6 11. e4 c5 12. dxc5 Bxc5 13. e5 Nd5 14. Ne4 Nd7 15.
Nxc5 Qxc5 16. Qxc5 Nxc5 17. Nd4 a6 18. Bd2 Nd3 19. a4 Nxe5 20. axb5 axb5 21.
Rxa8 1/2-1/2

[Event "ARCTIC CHESS CHALLENGE 2010"]
[Site "SCANDIC TROMSØ"]
[Date "2010.07.31"]
[Round "2"]
[White "Flermoen, Peter"]
[Black "Salomon, Johan"]
[Result "1-0"]
[WhiteElo "2144"]
[BlackElo "1770"]
[PlyCount "62"]
[EventDate "2010.??.??"]

1. e4 e5 2. Nf3 Nc6 3. Bc4 Bc5 4. d3 Nf6 5. Nc3 d6 6. a3 Be6 7. Bxe6 fxe6 8.
Na4 Bb6 9. O-O O-O 10. c3 Qd7 11. Qc2 Rae8 12. b4 Nh5 13. Rb1 Nf4 14. b5 Nd8
15. Nxb6 axb6 16. d4 exd4 17. cxd4 Qf7 18. Rb3 Qg6 19. Bxf4 Rxf4 20. Qxc7 Ref8
21. Qxd6 Qxe4 22. Qxb6 Qd5 23. Re3 h6 24. a4 Kh7 25. a5 Rg4 26. Kh1 Rf5 27.
Rfe1 Rgf4 28. Qc7 e5 29. Rxe5 Rxe5 30. Qxe5 Rf5 31. Qxd5 Rxd5 1-0

[Event "ARCTIC CHESS CHALLENGE 2010"]
[Site "SCANDIC TROMSØ"]
[Date "2010.07.31"]
[Round "2"]
[White "Smith, Brian"]
[Black "Søraas, Torben"]
[Result "0-1"]
[WhiteElo "1770"]
[BlackElo "2139"]
[PlyCount "67"]
[EventDate "2010.??.??"]

1. d4 Nf6 2. c4 c5 3. d5 b5 4. cxb5 a6 5. Nc3 axb5 6. e4 b4 7. Nb5 d6 8. Bc4 g6
9. Qe2 Bg7 10. f4 O-O 11. Nf3 Ne8 12. O-O Nd7 13. a4 Nb6 14. Bb3 Ba6 15. a5 Nc8
16. Bc4 Bxb5 17. Bxb5 Rxa5 18. Rxa5 Qxa5 19. e5 Nc7 20. Bc4 Nb6 21. Qd3 Nxc4
22. Qxc4 Qb5 23. b3 Qxc4 24. bxc4 Na8 25. Bb2 Nb6 26. Nd2 Na4 27. Ba1 Ra8 28.
exd6 exd6 29. Bxg7 Kxg7 30. Ne4 Rd8 31. Ra1 Nb6 32. Nd2 Ra8 33. Rxa8 Nxa8 34.
Ne4 0-1